Quiz sur le Saint-Empire romain germanique - Statistiques

Statistiques générales
  • Ce quiz a été pris 768 fois
  • Le résultat moyen est 10 sur 20
Statistiques - réponses
Indice Réponse % Correct
Fondateur de ce dernier Charlemagne
83%
Ce dernier était le roi de ce royaume avant la création de l'Empire Royaume des Francs
82%
Réformateur protestant qui a cloué 95 thèses sur une porte d'église Martin Luther
78%
Capitale européenne que les Ottomans ont assiégée, mais n'ont pas réussi à capturer, en 1529 et 1683 Vienne
78%
Famille royale qui règne sur le Saint-Empire de 1452 à 1740 Habsbourg
69%
Général qui mit fin à l'Empire en 1806 Napoléon
66%
Ville dans laquelle le pape a résidé entre 1309 et 1376 Avignon
65%
Empire à l'origine du Saint-Empire romain germanique Empire {Carolingien}
64%
Duché extérieur à l'Empire élevé en royaume par l'empereur Frédéric Ier en 1701 Prusse
60%
Conflit majeur en Europe entre le Saint-Empire et ses États allemands protestants en rébellion Guerre de Trente Ans
51%
Philosophe français qui a déclaré "Le Saint-Empire romain germanique n'était nullement saint, ni romain, ni un empire" Voltaire
50%
Couronné empereur en 962, il est considéré comme le fondateur du Saint-Empire Otton Ier
49%
Association historique de villes marchandes autour de la mer du Nord et de la mer Baltique Hanse
43%
Le pacte fédéral donne naissance à ce pays en 1291 Suisse
43%
Nom des traités qui mettent fin à ce conflit Traités de Westphalie
43%
Ville où a été fondée la première université européenne Bologne
39%
Conflit entre la papauté et le Saint-Empire entre 1075 et 1122 Querelle des {investitures}
26%
Ville la plus peuplée de l'Empire en l'an 1600 Prague
24%
Pape qui le couronne empereur du Saint-Empire Léon III
19%
Code juridique essentiel du Saint-Empire promulgué en 1356 Bulle d'or
10%
Aucun quiz correspondant
Distribution des résultats
% des personnes avec chaque résultat
Percentile par nombre de réponses
Votre historique - résultats
Vous n’avez pas pris ce quiz